banner-ar

فتح المجيد شرح كتاب التوحيد / (Record no. 28922)

MARC details
000 -الفاتح
حقل البيانات ثابتة الطول 00462nam a2200145Ia 4500
008 - عناصر البيانات ثابتة الطول - معلومات عامة
حقل البيانات ثابتة الطول 140319s9999 xx 000 0 ara d
040 ## - مصدر الفهرسة
وكالة الفهرسة الأصلية GCL /
وكالة النسخ GCL
082 04 - رقم تصنيف ديوى العشرى
رقم التصنيف 227.136
رقم المادة ع ف
100 1# - المدخل الرئيسى - إسم شخصى
الإسم الشخصى عبدالحميد بن حسن ال الشيخ
245 10 - بيان العنوان
العنوان فتح المجيد شرح كتاب التوحيد /
بيان المسئوليه,etc عبدالحميد بن حسن ال الشيخ
300 ## - الوصف المادى
التعداد 518 ص
490 ## - بيان السلسلة
عنوان السلسلة
260 ## - PUBLICATION, DISTRIBUTION, ETC. (IMPRINT)
-- [S.N] :
-- المكتبة الثقافية
Holdings
حالة التراجع حالة الفقد حالة تلف ليس للاعارة المكان المؤقت الموقع الحالى تاريخ الاكتساب اجمالي اﻻعارات رقم الطلب الباركود تاريخ اخر مشاهدة تاريخ تفعيل السعر نوع وعاء كوها
        مكتبة القاهرة الكبرى مكتبة القاهرة الكبرى 03/26/2014   227.136\ع ف 66012 03/26/2014 03/26/2014 كتاب
        مكتبة القاهرة الكبرى مكتبة القاهرة الكبرى 03/26/2014   227.136\ع ف 66013 03/26/2014 03/26/2014 كتاب

Powered By

EGPV